00273nam a2200109Ia 4500008004100000082001600041100001900057245003800076250000900114260003200123300000800155150731s2014 xx 000 0 und d a611bA 14 S aSINGH, VISHRAM aTB OF ANATOMY : HEAD,NECK & BRAIN a2 ND bELSEVIER- INDIA DELHIc2014 a445